KEY ACCOUNT MANAGEMENT THE DEFINITIVE GU (Record no. 25348)
[ view plain ]
| 000 -LEADER | |
|---|---|
| fixed length control field | 00346nam a2200145Ia 4500 |
| 008 - FIXED-LENGTH DATA ELEMENTS--GENERAL INFORMATION | |
| fixed length control field | 240624s9999 xx 000 0 und d |
| 041 ## - LANGUAGE CODE | |
| Language code of text/sound track or separate title | eng |
| 082 ## - DEWEY DECIMAL CLASSIFICATION NUMBER | |
| Classification number | 658.8 WOO |
| 100 ## - MAIN ENTRY--PERSONAL NAME | |
| Personal name | WOODBURN DIANA |
| 245 ## - TITLE STATEMENT | |
| Title | KEY ACCOUNT MANAGEMENT THE DEFINITIVE GU |
| 250 ## - EDITION STATEMENT | |
| Edition statement | (3rd Revised) |
| 260 ## - PUBLICATION, DISTRIBUTION, ETC. | |
| Date of publication, distribution, etc. | 2011 |
| Name of publisher, distributor, etc. | Wiley |
| 300 ## - PHYSICAL DESCRIPTION | |
| Extent | 496 : p. |
| 365 ## - TRADE PRICE | |
| Currency code | |
| Price amount | 30 |
| Withdrawn status | Lost status | Damaged status | Not for loan | Home library | Current library | Shelving location | Date acquired | Source of acquisition | Cost, normal purchase price | Full call number | Barcode | Date last seen | Copy number | Price effective from | Koha item type |
|---|---|---|---|---|---|---|---|---|---|---|---|---|---|---|---|
| IMTN | IMTN | Rack 36-A | 10/15/2015 | RW | 71.00 | 658.8 WOO | 25348 | 06/24/2024 | 69.9 | 06/24/2024 | Books |